000 01040nam a2200241Ia 4500
003 Ost
005 20260507075402.0
008 260507s9999||||xx |||||||||||||| ||und||
020 _a5393719957
040 _cfsecg
041 _aara
082 _a600
100 _aاللبدي، نزار عوني
_eمؤلف
245 0 _aإدارة العلاقات العامة وتنميتها /
_c نزار عوني اللبدي
260 _aعمان:
_bدار دجلة ناشرون وموزعون,
_c2015
300 _a224 صفحة؛
_bإيضاحات ؛
_c25 سم
504 _aالمراجع ص.221
520 _aمدخل لفهم العلاقات الإنسانية، مفهوم العلاقات العامة الحديثة وطبيعتها، تنمية وإدارة العلاقات العامة، العلاقات العامة في الفكر الإسلامي، الجمهور والرأي العام
653 _aإدارة الأعمال
653 _aالإتصال
653 _aالعلاقات العامة
942 _cكتاب
999 _c44281
_d44281